[Event "Niedersachsen-ch op-B"]
[Site "Verden"]
[Date "2015.01.02"]
[Round "1"]
[White "Stelmaszyk, Nico"]
[Black "Blanke, Jannes"]
[Result "1-0"]
[WhiteElo "1504"]
[BlackElo "1110"]
[PlyCount "77"]
[EventDate "2015.01.02"]
[EventType "swiss"]
[EventRounds "7"]
[EventCountry "GER"]
[SourceTitle "EXT 2018"]
[Source "ChessBase"]
[SourceDate "2017.10.13"]
[SourceVersion "1"]
[SourceVersionDate "2017.10.13"]
[SourceQuality "1"]

1. e4 e5 2. Nf3 Nc6 3. Bc4 Nf6 4. d3 Bc5 5. Bg5 d6 6. Nc3 h6 7. Bh4 Be6 8. Bb3 0-0 9. Na4 Bb6 10. Nxb6 axb6 11. c3 d5 12. Bxf6 gxf6 13. Nh4 Qd7 14. Qh5 dxe4 15. Bxe6 Qxe6 16. Nf5 Qxf5 17. Qxf5 exd3 18. Qxf6 Na5 19. Qxh6 Rad8 20. Qg5+ Kh7 21. 0-0 Nc4 22. Qh4+ Kg8 23. Qxc4 Rfe8 24. Qxc7 e4 25. Qxb6 d2 26. Rad1 f5 27. Qxb7 f4 28. Qb5 e3 29. fxe3 fxe3 30. Qe2 Kg7 31. Rf3 Kg8 32. Rg3+ Kf7 33. Qf3+ Ke6 34. Qxe3+ Kd7 35. Rxd2+ Kc7 36. Qa7+ Kc6 37. Rg6+ Kb5 38. Rb6+ Kc4 39. Qc7# 1-0

[Event "Niedersachsen-ch U12"]
[Site "Rotenburg"]
[Date "2012.04.03"]
[Round "6"]
[White "Blanke, Jannes"]
[Black "Schicksnus, Daniel Leon"]
[Result "1-0"]
[WhiteElo "1042"]
[BlackElo "845"]
[PlyCount "119"]
[EventDate "2012.03.31"]
[EventType "swiss"]
[EventRounds "11"]
[EventCountry "GER"]
[SourceTitle "EXT 2015"]
[Source "ChessBase"]
[SourceDate "2014.11.20"]
[SourceVersion "1"]
[SourceVersionDate "2014.11.20"]
[SourceQuality "1"]

1. e4 e6 2. d4 d5 3. e5 c5 4. c3 Qb6 5. Nf3 Nc6 6. Be2 Bd7 7. 0-0 0-0-0 8. a3 Nge7 9. b4 cxb4 10. axb4 a6 11. Ng5 Be8 12. Nd2 h6 13. Ngf3 Na7 14. Nb3 Nec6 15. Ba3 Nb5 16. Bxb5 Qxb5 17. Nc5 b6 18. Nb3 Nb8 19. Nbd2 Qa4 20. Qc1 Qc6 21. Qb2 b5 22. Rfc1 Kb7 23. Qb3 Rc8 24. h3 Ka7 25. Ne1 Be7 26. Nd3 Bd7 27. Nc5 Bg5 28. Rd1 Bxd2 29. Rxd2 Rc7 30. Rd3 Rhc8 31. Rg3 g6 32. Rf3 Be8 33. h4 h5 34. Bc1 Qb6 35. Rd3 Rc6 36. Bg5 Bd7 37. Be7 Be8 38. Rd2 Bd7 39. Rda2 Be8 40. Bd6 Bd7 41. Bxb8+ Rxb8 42. Nxd7 Qb7 43. Nxb8 Kxb8 44. Qd1 Ka7 45. Qd2 Qc8 46. Qh6 Qb7 47. Qe3 Rb6 48. Qg5 Rc6 49. Qf6 Rb6 50. Qd8 Rc6 51. Ra3 Rb6 52. Qf8 Rc6 53. R3a2 Rxc3 54. Rxa6+ Qxa6 55. Qe7+ Kb8 56. Rxa6 Rc1+ 57. Kh2 Rc7 58. Rb6+ Ka8 59. Qxc7 g5 60. Rb8# 1-0

[Event "Niedersachsen-ch U10"]
[Site "Rotenburg"]
[Date "2009.04.10"]
[Round "11"]
[White "Diederichs, Hannah"]
[Black "Blanke, Jannes"]
[Result "0-1"]
[WhiteElo "768"]
[BlackElo "788"]
[PlyCount "56"]
[EventDate "2009.04.04"]
[EventType "swiss"]
[EventRounds "11"]
[EventCountry "GER"]
[SourceTitle "EXT 2010"]
[Source "ChessBase"]
[SourceDate "2010.11.25"]
[SourceVersion "1"]
[SourceVersionDate "2010.11.25"]
[SourceQuality "1"]

1. e4 e5 2. Nf3 Nc6 3. Bc4 Nf6 4. Ng5 d5 5. exd5 Nxd5 6. Nxf7 Kxf7 7. Qf3+ Ke8 8. Bxd5 Qe7 9. Bxc6+ Kd8 10. Bxb7 Rb8 11. Qd5+ Ke8 12. Bc6+ Bd7 13. Bxd7+ Qxd7 14. Qxe5+ Be7 15. Qxg7 Qe6+ 16. Kd1 Bf6 17. Qxc7 Be5 18. Qxa7 Qg4+ 19. f3 Qxg2 20. Qg1 Qxf3+ 21. Ke1 Kd7 22. Qa7+ Kd8 23. Rf1 Qe4+ 24. Kd1 Re8 25. Nc3 Qg4+ 26. Ne2 Bd4 27. Qxb8+ Kd7 28. Rf4 Qxe2# 0-1